Technologický pokrok a jeho dopad na ekonomiku a trh práce
Štvrtá priemyselná revolúcia prinášajúca nevyhnutnosť a rýchlosť zmien vo vybraných odvetviach a ich odraz v aspektoch národného hospodárstva a sociálneho rozvoja spoločnosti. Náhrada človeka počítačmi a strojmi pri vykonávaní určitých činností, avšak v blízkej dobe človeka ostáva nenahraditeľným na...
Enregistré dans:
| Auteur principal: | |
|---|---|
| Format: | Chapitre de livre |
| Langue: | slovaque |
| Sujets: | |
| Tags: |
Pas de tags, Soyez le premier à ajouter un tag!
|
MARC
| LEADER | 00000naa$a2200000$$$4500 | ||
|---|---|---|---|
| 001 | 0272002 | ||
| 005 | 20240502074304.8 | ||
| 041 | 0 | |a slo | |
| 044 | |a SK | ||
| 245 | 1 | 0 | |a Technologický pokrok a jeho dopad na ekonomiku a trh práce |c Peter Sika |
| 520 | |a Štvrtá priemyselná revolúcia prinášajúca nevyhnutnosť a rýchlosť zmien vo vybraných odvetviach a ich odraz v aspektoch národného hospodárstva a sociálneho rozvoja spoločnosti. Náhrada človeka počítačmi a strojmi pri vykonávaní určitých činností, avšak v blízkej dobe človeka ostáva nenahraditeľným najmä v analytických, kreatívnych a sociálnych zručnostiach. Technologický pokrok ako príležitosť a vyvolané zmeny na trhu práce, v systéme vzdelávania, v sociálnom systéme a v iných oblastiach spoločenského života. Prístup k zmenám v týchto oblastiach a prispôsobenie sa novým trendom a výzvam. | ||
| 610 | 2 | 0 | |a trh práce |
| 610 | 2 | 0 | |a miesta pracovné |
| 610 | 2 | 0 | |a automatizácia práce |
| 610 | 2 | 0 | |a priemysel 4.0 |
| 610 | 2 | 0 | |a pokrok technologický |
| 610 | 2 | 0 | |a revolúcia priemyselná |
| 610 | 2 | 0 | |a Európska únia |
| 610 | 2 | 0 | |a analýza štatistická |
| 100 | 1 | |a Sika, Peter, 1975- | |